Personal Management (Record no. 779)

MARC details
000 -LEADER
fixed length control field 00393nam a22001577a 4500
005 - DATE AND TIME OF LATEST TRANSACTION
control field 20160513170051.0
008 - FIXED-LENGTH DATA ELEMENTS--GENERAL INFORMATION
fixed length control field 160513b xxu||||| |||| 00| 0 eng d
041 ## - LANGUAGE CODE
Language code of text/sound track or separate title eng
082 ## - DEWEY DECIMAL CLASSIFICATION NUMBER
Item number 2133
100 ## - MAIN ENTRY--AUTHOR NAME
Personal name Dr. C.B. Mamoriya S.V. Gankar
245 ## - TITLE STATEMENT
Title Personal Management
260 ## - PUBLICATION, DISTRIBUTION, ETC. (IMPRINT)
Place of publication New Delhi
Name of publisher Himalaya Publishing House,
Year of publication 2004
300 ## - PHYSICAL DESCRIPTION
Number of Pages 920
650 ## - SUBJECT ADDED ENTRY--TOPICAL TERM
Topical Term Management
942 ## - ADDED ENTRY ELEMENTS (KOHA)
Koha item type Books
Holdings
Lost status Damaged status Collection code Home library Current library Shelving location Date acquired Cost, normal purchase price Full call number Accession Number Koha item type
    MANAGEMENT JRU Library JRU Library SHELF-62 -B 13/05/2016 950.00 2133 2133 Books
    MANAGEMENT JRU Library JRU Library SHELF-62 -B 13/05/2016 950.00 2133 2134 Books